00302nam a2200109 a 4500008004100000050001600041100001600057245003700073260004900110300002400159350000900183120416s1987 ||||||||||||||||| || u aTH 1101 Bur aBurchell, J10aDesign and build in timber frame aHarlowbLongman Scientific & Technicalc1987 a[viii], 78p. : ill. a0.00